[Event "51smm B Groeden2-Bruneck"]
[Site "?"]
[Date "2019.12.14"]
[Round "4.3"]
[White "Niederkofler, Andreas"]
[Black "Knottner, Klaus"]
[Result "1-0"]
[WhiteElo "1805"]
[BlackElo "1627"]
[PlyCount "133"]
[EventDate "2019.12.14"]

1. e4 e5 2. Nf3 Nc6 3. d4 exd4 4. Nxd4 Nf6 5. Nxc6 bxc6 6. Qe2 Be7 7. e5 Nd5 8.
Qg4 g6 9. Bh6 d6 10. Qf3 dxe5 11. Bg7 Rg8 12. Bxe5 Bf6 13. Bxf6 Qxf6 14. Qxf6
Nxf6 15. Bc4 Nd5 16. O-O Be6 17. Re1 O-O-O 18. Na3 Kb7 19. c3 Rd6 20. Nc2 Nf4
21. Bxe6 Nxe6 22. Rad1 Rgd8 23. Ne3 Nf4 24. Rxd6 cxd6 25. Nc4 Kc7 26. g3 Ne6
27. Kg2 Rb8 28. b3 Rd8 29. f4 Re8 30. Kf2 Ng7 31. Rd1 Re6 32. g4 h5 33. h3 h4
34. Kf3 f5 35. a4 Kd7 36. Ne5+ Kc7 37. Nf7 Ne8 38. c4 Re7 39. Ng5 Nf6 40. Rd2
a5 41. gxf5 gxf5 42. Re2 Kd7 43. Rxe7+ Kxe7 44. Ke3 d5 45. Nf3 c5 46. Nxh4 d4+
47. Kd3 Ke6 48. Ng6 Ne4 49. h4 Nf2+ 50. Ke2 Ng4 51. h5 Kf6 52. Nf8 Kg7 53. Ng6
Kf6 54. Kd2 Ke6 55. Ke2 Kf6 56. Nh4 Ke6 57. Nf3 Kf6 58. Kd3 Nf2+ 59. Ke2 Ng4
60. Ng5 Ke7 61. Nf3 Kd7 62. Ne5+ Kd6 63. Nxg4 fxg4 64. h6 g3 65. h7 g2 66. Kf2
d3 67. h8=Q 1-0

[Event "51smm B Groeden2-Bruneck"]
[Site "?"]
[Date "2019.12.14"]
[Round "4.4"]
[White "Kasslatter, Matthias"]
[Black "Peintner, Markus"]
[Result "1-0"]
[WhiteElo "1493"]
[BlackElo "1504"]
[PlyCount "57"]
[EventDate "2019.12.14"]

1. e4 c5 2. Nf3 Nc6 3. Nc3 d6 4. Bb5 Bd7 5. Bxc6 Bxc6 6. O-O e5 7. d3 Nf6 8.
Be3 Be7 9. Qd2 O-O 10. Rad1 Ne8 11. Ne2 f5 12. exf5 Rxf5 13. Ng3 Rf8 14. Ng5
Nc7 15. N5e4 Ne6 16. c4 Rc8 17. f4 exf4 18. Bxf4 Nxf4 19. Rxf4 Bf6 20. Nxf6+
Rxf6 21. Rdf1 Rxf4 22. Qxf4 Qd7 23. Nf5 Rd8 24. Qg5 Kh8 25. Re1 Rg8 26. Re7 Qd8
27. Nh6 Be8 28. Nxg8 Bg6 29. Nh6 1-0

[Event "51smm B Groeden2-Bruneck"]
[Site "?"]
[Date "2019.12.14"]
[Round "4.5"]
[White "Scanferla, Antonio"]
[Black "Grossrubatscher, Johann"]
[Result "1/2-1/2"]
[WhiteElo "1466"]
[BlackElo "1537"]
[PlyCount "63"]
[EventDate "2019.12.14"]

1. e4 d5 2. exd5 Qxd5 3. Nf3 Nf6 4. Nc3 Qa5 5. d4 c6 6. Bd3 Bg4 7. h3 Bh5 8.
O-O e6 9. Bf4 Nbd7 10. a3 b5 11. Ne4 Nxe4 12. Bxe4 Rc8 13. Re1 Nf6 14. Qd3 Nxe4
15. Qxe4 Bxf3 16. Qxf3 Be7 17. Be5 O-O 18. Qg4 g6 19. Re3 Qd2 20. Rc3 c5 21.
Rd1 Qh6 22. dxc5 Bxc5 23. Bf6 Rfe8 24. Qf3 e5 25. Re1 Qd2 26. Rd1 Bxf2+ 27. Kh1
Rxc3 28. bxc3 Qf4 29. Qc6 Rf8 30. Qd6 Bc5 31. Qxe5 Qxe5 32. Bxe5 1/2-1/2

[Event "51smm B Kaltern/Tramin2-Taufers"]
[Site "?"]
[Date "2019.12.14"]
[Round "4.1"]
[White "Holzer, Philipp"]
[Black "Dibiasi, Rainer"]
[Result "1/2-1/2"]
[WhiteElo "1880"]
[BlackElo "1822"]
[PlyCount "56"]
[EventDate "2019.12.14"]

1. e4 d5 2. Nc3 d4 3. Nce2 f5 4. exf5 Bxf5 5. Ng3 Bg6 6. Nf3 Nc6 7. Bc4 Na5 8.
Bxg8 Rxg8 9. Ne5 Qd6 10. Nxg6 Qxg6 11. d3 O-O-O 12. O-O e6 13. Qh5 Qxh5 14.
Nxh5 e5 15. Bg5 Re8 16. Ng3 h6 17. Bd2 Nc6 18. Ne4 Ne7 19. b4 Nd5 20. Rab1 Re6
21. a4 Rc6 22. Rb2 Nf6 23. Re1 Nd7 24. b5 Re6 25. a5 Nc5 26. Bb4 Nxe4 27. Rxe4
Bxb4 28. Rxb4 Rge8 1/2-1/2

[Event "51smm B Kaltern/Tramin2-Taufers"]
[Site "?"]
[Date "2019.12.14"]
[Round "4.2"]
[White "Thaler, Elmar"]
[Black "Haidacher, Gerold"]
[Result "0-1"]
[WhiteElo "1679"]
[BlackElo "1735"]
[PlyCount "118"]
[EventDate "2019.12.14"]

1. d4 Nf6 2. Nf3 e6 3. c4 b6 4. e3 Bb7 5. Be2 Bb4+ 6. Bd2 Qe7 7. O-O Ne4 8.
Bxb4 Qxb4 9. Qc2 O-O 10. a3 Qe7 11. Nc3 Nxc3 12. Qxc3 d6 13. b4 Nd7 14. c5 bxc5
15. bxc5 dxc5 16. Rab1 Be4 17. Rbc1 cxd4 18. Qxd4 Nf6 19. Nd2 Rfd8 20. Qc3 Nd5
21. Qe5 Bg6 22. e4 Nf6 23. Rxc7 Qxa3 24. Ra1 Qb4 25. Nf1 Bxe4 26. Raxa7 Rxa7
27. Rxa7 Qd4 28. Qxd4 Rxd4 29. f3 Bd5 30. Ne3 g6 31. Nxd5 Nxd5 32. Ra1 Rd2 33.
Bf1 Kg7 34. Re1 g5 35. Bc4 h5 36. Bxd5 exd5 37. h3 h4 38. f4 gxf4 39. Rf1 Rd4
40. Kf2 Kg6 41. Re1 Kf5 42. Re8 Rd2+ 43. Kf3 d4 44. Rh8 Rd3+ 45. Kf2 Re3 46.
Rxh4 Ke4 47. Rh8 d3 48. Re8+ Kd4 49. Rd8+ Kc3 50. Rc8+ Kb2 51. Rb8+ Kc2 52.
Rc8+ Kd1 53. Rc7 Re2+ 54. Kf1 Rc2 55. Ra7 d2 56. Ra1+ Rc1 57. Ra2 Rc4 58. Ra1+
Kc2 59. Ra2+ Kd3 0-1

[Event "51smm B Kaltern/Tramin2-Taufers"]
[Site "?"]
[Date "2019.12.14"]
[Round "4.3"]
[White "Stivaletta, Andrea"]
[Black "Unterkofler, Alex"]
[Result "1/2-1/2"]
[WhiteElo "1680"]
[BlackElo "1695"]
[PlyCount "52"]
[EventDate "2019.12.14"]

1. e4 c5 2. Nf3 g6 3. d4 cxd4 4. Nxd4 Bg7 5. Nc3 Nc6 6. Be3 Nf6 7. Be2 d5 8.
exd5 Nxd5 9. Nxd5 Qxd5 10. Bf3 Qc4 11. Nxc6 bxc6 12. c3 O-O 13. Be2 Qd5 14. O-O
Rb8 15. Qc1 a5 16. Rd1 Qf5 17. Bd4 Be6 18. b3 a4 19. bxa4 Rb7 20. Bxg7 Kxg7 21.
Rd4 Rfb8 22. Bd3 Qc5 23. Rb1 Rxb1 24. Bxb1 Qa3 25. Rd1 Qxa4 26. Rd2 Qa3 1/2-1/2

[Event "51smm B Kaltern/Tramin2-Taufers"]
[Site "?"]
[Date "2019.12.14"]
[Round "4.4"]
[White "Florian, Andreas"]
[Black "Flatscher, Tobias"]
[Result "1/2-1/2"]
[WhiteElo "1535"]
[BlackElo "1591"]
[PlyCount "30"]
[EventDate "2019.12.14"]

1. d4 d5 2. Bf4 c6 3. e3 Bf5 4. c4 e6 5. Nc3 Nf6 6. Bd3 Bxd3 7. Qxd3 Bd6 8.
Bxd6 Qxd6 9. c5 Qc7 10. Nf3 Nbd7 11. b4 a6 12. a4 e5 13. dxe5 Nxe5 14. Nxe5
Qxe5 15. O-O O-O 1/2-1/2

[Event "51smm B Kaltern/Tramin2-Taufers"]
[Site "?"]
[Date "2019.12.14"]
[Round "4.5"]
[White "Innerbichler, Robert"]
[Black "Martinelli, Michele"]
[Result "0-1"]
[WhiteElo "1446"]
[BlackElo "1628"]
[PlyCount "90"]
[EventDate "2019.12.14"]

1. e4 d6 2. Nc3 Nf6 3. Nf3 g6 4. Be2 Bg7 5. O-O O-O 6. d3 e5 7. h3 h6 8. Nh2
Nc6 9. Ng4 Kh7 10. Nxf6+ Bxf6 11. Nd5 Bg7 12. c3 f5 13. exf5 gxf5 14. f4 Ne7
15. Bf3 Ng6 16. fxe5 dxe5 17. Ne3 c6 18. Be2 Be6 19. Bd2 Nf4 20. Kh1 Nxd3 21.
Bxd3 Qxd3 22. Qc2 Rad8 23. Qxd3 Rxd3 24. Rad1 Bxa2 25. Bc1 Rxd1 26. Rxd1 f4 27.
Ng4 e4 28. Nh2 e3 29. Nf3 Bd5 30. Kg1 Rf7 31. Kf1 Re7 32. Ke1 Kg6 33. Ke2 Bc4+
34. Ke1 Bd5 35. Ke2 Bc4+ 36. Ke1 Kf5 37. Rd6 Bf6 38. Nd4+ Ke5 39. Rxc6 bxc6 40.
Nxc6+ Kd6 41. Nxe7 Kxe7 42. g3 Be5 43. gxf4 Bxf4 44. b3 Bg3+ 45. Kd1 e2+ 0-1

[Event "51smm B Lana-Gries"]
[Site "?"]
[Date "2019.12.14"]
[Round "4.4"]
[White "Menghin, Karl"]
[Black "Niederstaetter, Harald"]
[Result "0-1"]
[WhiteElo "1425"]
[BlackElo "1880"]
[PlyCount "70"]
[EventDate "2019.12.14"]

1. c4 d6 2. Nc3 Nf6 3. g3 e5 4. Bg2 c6 5. Nf3 Be7 6. d4 Qc7 7. O-O O-O 8. b3
Bg4 9. Bb2 Nbd7 10. e4 Rfe8 11. Re1 a5 12. Qd2 Bf8 13. Rac1 Qb6 14. d5 Nc5 15.
Qe3 a4 16. Nd2 a3 17. Ba1 Qa5 18. Ncb1 Na6 19. Bc3 Nb4 20. f3 Bd7 21. Kh1 Be7
22. Re2 Bd8 23. Nf1 Bb6 24. Qd2 Bc5 25. Ne3 Qb6 26. Nc2 Nxa2 27. b4 Nxc1 28.
Qxc1 a2 29. Nd2 Bd4 30. Na1 cxd5 31. exd5 Ra4 32. Ndb3 Bxc3 33. Qxc3 Rea8 34.
b5 Rc8 35. Rc2 Nxd5 0-1

[Event "51smm B Ridnaun-Klausen2"]
[Site "?"]
[Date "2019.12.14"]
[Round "4.1"]
[White "Sigmund, Ingenuin"]
[Black "Aigner, Helmut"]
[Result "0-1"]
[WhiteElo "1701"]
[BlackElo "1881"]
[PlyCount "98"]
[EventDate "2019.12.14"]

1. Nf3 d5 2. e3 c5 3. d4 Nc6 4. Bb5 e6 5. O-O Bd7 6. b3 Qb6 7. a4 Nf6 8. Bb2
Rc8 9. Nbd2 Be7 10. Rc1 cxd4 11. Nxd4 O-O 12. Nxc6 Bxc6 13. Bd4 Qa5 14. Bd3 a6
15. c4 dxc4 16. Nxc4 Qg5 17. f3 Rfd8 18. Qe2 Bd5 19. Bb6 Re8 20. Nd2 Qh4 21. e4
Bc6 22. Rc4 Qh5 23. Bf2 Bd6 24. g3 Nd7 25. Rfc1 Ne5 26. R4c2 Nxd3 27. Qxd3 Red8
28. Qe2 Bb4 29. Nf1 h6 30. Bb6 Rd7 31. Kg2 Qg5 32. Rd1 Qe7 33. Rdc1 Ba3 34. Bc5
Bxc5 35. Rxc5 Rcd8 36. R5c2 Qb4 37. Qc4 Qa3 38. Qc3 Rd3 39. Qa5 R8d7 40. Rc3
Rxc3 41. Qxc3 Qa2+ 42. Rc2 Qb1 43. Ne3 Kh7 44. Rc1 Qd3 45. Nc4 Qe2+ 46. Kh3 Rd3
47. Qb4 Qxf3 48. Qe7 Bxe4 49. Qh4 Bf5+ 0-1

[Event "51smm B Steinegg-Merania"]
[Site "?"]
[Date "2019.12.14"]
[Round "4.1"]
[White "Bonagura, Stefano"]
[Black "Engl, Stefan"]
[Result "1-0"]
[WhiteElo "2231"]
[BlackElo "1984"]
[PlyCount "77"]
[EventDate "2019.12.14"]

1. e4 d5 2. exd5 Qxd5 3. Nf3 Nf6 4. d4 g6 5. Be2 Bg7 6. O-O O-O 7. c4 Qd8 8.
Nc3 c6 9. h3 Qc7 10. Be3 Nbd7 11. Rc1 Rd8 12. Qb3 e5 13. d5 c5 14. Nb5 Qb6 15.
Qa3 Qa6 16. Qxa6 bxa6 17. Nc3 Rb8 18. b3 Bf8 19. Na4 Bb7 20. Nd2 Rbc8 21. g4
Nb6 22. Nb2 h6 23. h4 Ne8 24. Nd3 Nd7 25. g5 hxg5 26. hxg5 Nd6 27. Bg4 Nf5 28.
Ne4 Rc7 29. Bd2 Re8 30. Bc3 Bc8 31. Rfe1 Bg7 32. Ba5 Nb6 33. Ndxc5 Nd4 34. Bxc8
Nf3+ 35. Kf1 Rcxc8 36. Red1 Red8 37. Nxa6 Bf8 38. c5 Rxd5 39. Nf6+ 1-0

[Event "51smm B Steinegg-Merania"]
[Site "?"]
[Date "2019.12.14"]
[Round "4.2"]
[White "Pichler, Martin"]
[Black "Teutsch, Alexander"]
[Result "0-1"]
[WhiteElo "1835"]
[BlackElo "2061"]
[PlyCount "44"]
[EventDate "2019.12.14"]

1. e4 e5 2. Nf3 d6 3. d4 exd4 4. c3 Nf6 5. Bg5 Be7 6. Bxf6 Bxf6 7. cxd4 O-O 8.
Nc3 Bg4 9. h3 Bxf3 10. gxf3 Nc6 11. d5 Nd4 12. Bg2 c5 13. Rb1 Be5 14. Ne2 Qg5
15. Kf1 f5 16. Qc1 Qh4 17. Qe3 Nxe2 18. Qxe2 Rae8 19. Rd1 Bd4 20. Rxd4 cxd4 21.
Qd2 fxe4 22. Qxd4 Rf4 0-1

[Event "51smm B Steinegg-Merania"]
[Site "?"]
[Date "2019.12.14"]
[Round "4.3"]
[White "Battiston, Claudio"]
[Black "Engl, Alexander"]
[Result "1-0"]
[WhiteElo "1812"]
[BlackElo "1803"]
[PlyCount "65"]
[EventDate "2019.12.14"]

1. e4 e6 2. d3 d5 3. Nd2 Nf6 4. Ngf3 g6 5. e5 Nfd7 6. d4 c5 7. c3 Nc6 8. Be2
Qb6 9. Nb3 Bg7 10. O-O O-O 11. Re1 c4 12. Nbd2 f6 13. exf6 Nxf6 14. Nf1 Bd7 15.
Ne3 Rae8 16. b3 cxb3 17. Qxb3 Qxb3 18. axb3 Ne4 19. c4 Nxd4 20. Rxa7 Bc6 21. b4
Ra8 22. Rxa8 Rxa8 23. b5 Ra1 24. Nxd4 Bxd4 25. bxc6 bxc6 26. Kf1 Bc3 27. Rd1 d4
28. f3 Nc5 29. Nc2 d3 30. Nxa1 dxe2+ 31. Kxe2 Bxa1 32. Be3 Nb3 33. Rb1 1-0

[Event "51smm B Steinegg-Merania"]
[Site "?"]
[Date "2019.12.14"]
[Round "4.4"]
[White "Lantschner, Carmen"]
[Black "Zuev, Mikhail"]
[Result "1/2-1/2"]
[WhiteElo "1669"]
[BlackElo "1692"]
[PlyCount "59"]
[EventDate "2019.12.14"]

1. e4 e6 2. d4 d5 3. exd5 exd5 4. Bd3 Nf6 5. Bg5 Be7 6. Nf3 Bg4 7. h3 Bh5 8.
Nbd2 O-O 9. O-O c6 10. c3 Ne4 11. Bxe7 Qxe7 12. Re1 f5 13. c4 Qb4 14. Qc2 Nd7
15. Rac1 Rac8 16. Be2 Rfe8 17. Nf1 Qb6 18. Qd3 Qxb2 19. Rb1 Qc3 20. Ng3 Qxd3
21. Bxd3 Bxf3 22. gxf3 Nd2 23. Rxe8+ Rxe8 24. Rxb7 Nxf3+ 25. Kf1 Re1+ 26. Kg2
Nh4+ 27. Kh2 Nf3+ 28. Kg2 Nh4+ 29. Kh2 Nf3+ 30. Kg2 1/2-1/2

[Event "51smm B Steinegg-Merania"]
[Site "?"]
[Date "2019.12.14"]
[Round "4.5"]
[White "Tappeiner, Michael"]
[Black "Schroffenegger, Simon"]
[Result "1-0"]
[WhiteElo "1803"]
[BlackElo "1527"]
[PlyCount "105"]
[EventDate "2019.12.14"]

1. c4 e5 2. g3 f5 3. d4 e4 4. Nc3 Nf6 5. Bg5 d6 6. Nh3 Be7 7. Nf4 O-O 8. Bg2 c6
9. O-O Qe8 10. Qb3 h6 11. Bxf6 Bxf6 12. e3 Kh7 13. Qc2 Na6 14. a3 Nc7 15. Rad1
g5 16. Nfe2 a6 17. d5 c5 18. g4 Bxc3 19. Nxc3 Qg6 20. b4 b6 21. bxc5 bxc5 22.
Rb1 Rf7 23. Rb6 Ne8 24. Rfb1 Raa7 25. Rb8 Rfc7 26. gxf5 Bxf5 27. Bxe4 Bxe4 28.
Qxe4 Ng7 29. Qxg6+ Kxg6 30. R1b6 Rd7 31. Ne4 Nf5 32. Rg8+ Kf7 33. Rbb8 Ng7 34.
Rgf8+ Ke7 35. Rf6 h5 36. Rbf8 Ne8 37. R6f7+ Kd8 38. Rxd7+ Rxd7 39. Rxe8+ Kxe8
40. Nf6+ Ke7 41. Nxd7 Kxd7 42. a4 Ke7 43. Kg2 Kf6 44. Kg3 Kf5 45. f3 Ke5 46. h4
Kf5 47. e4+ Kf6 48. hxg5+ Kxg5 49. f4+ Kf6 50. Kh4 Kg6 51. e5 dxe5 52. fxe5 Kf5
53. e6 1-0

[Event "51smm A Arci-Kaltern/Tramin"]
[Site "?"]
[Date "2020.01.11"]
[Round "5.1"]
[White "Barp, Alberto"]
[Black "Perino, Alberto"]
[Result "1-0"]
[WhiteElo "2404"]
[BlackElo "1858"]
[PlyCount "71"]
[EventDate "2020.01.11"]

1. e4 e5 2. Nf3 Nc6 3. Bb5 Nge7 4. Nc3 g6 5. d4 exd4 6. Nd5 Nxd5 7. exd5 Qe7+
8. Kf1 Ne5 9. Nxe5 Qxe5 10. Qf3 Be7 11. Bh6 Qf6 12. Qe4 Kd8 13. Re1 Re8 14. h4
Qh8 15. Bg5 f6 16. Bf4 f5 17. Qxe7+ Rxe7 18. Bg5 Qf8 19. h5 Ke8 20. Bxe7 Qxe7
21. hxg6 Qxe1+ 22. Kxe1 hxg6 23. d6 cxd6 24. Rh7 b6 25. Bxd7+ Kd8 26. Bc6 Rb8
27. Rxa7 b5 28. Rg7 g5 29. Bd5 Bd7 30. Rg8+ Kc7 31. Rxb8 Kxb8 32. b3 Kc7 33.
Kd2 Bc6 34. Bxc6 Kxc6 35. Kd3 Kc5 36. a4 1-0

[Event "51smm A Arci-Kaltern/Tramin"]
[Site "?"]
[Date "2020.01.11"]
[Round "5.3"]
[White "Bertagnolli, Alexander"]
[Black "D'Ambrosio, Luca"]
[Result "1-0"]
[WhiteElo "2346"]
[BlackElo "1761"]
[PlyCount "37"]
[EventDate "2020.01.11"]

1. e4 c6 2. Nf3 d5 3. exd5 cxd5 4. Ne5 Nf6 5. Bb5+ Bd7 6. Nxd7 Nbxd7 7. d4 e6
8. O-O a6 9. Bd3 Bd6 10. Nd2 O-O 11. f4 Qb6 12. Nf3 e5 13. fxe5 Nxe5 14. Be2
Nxf3+ 15. Rxf3 Qc7 16. Rxf6 Bxh2+ 17. Kh1 gxf6 18. Bd3 Bf4 19. Qg4+ 1-0

[Event "51smm A Arci-Kaltern/Tramin"]
[Site "?"]
[Date "2020.01.11"]
[Round "5.4"]
[White "Rinaldo, Gaetano"]
[Black "Zucchelli, Massimo"]
[Result "0-1"]
[WhiteElo "1714"]
[BlackElo "2150"]
[PlyCount "62"]
[EventDate "2020.01.11"]

1. g3 d5 2. Nf3 c6 3. Bg2 Bg4 4. d4 Nd7 5. O-O e6 6. Nc3 Ngf6 7. h3 Bh5 8. g4
Bg6 9. Bf4 Ne4 10. Nd2 Nxc3 11. bxc3 Be7 12. e4 O-O 13. Rb1 Nb6 14. Qe2 Rc8 15.
c4 dxc4 16. Nxc4 Nxc4 17. Qxc4 b5 18. Qd3 f5 19. gxf5 exf5 20. e5 Bf7 21. e6
Bxe6 22. Rfe1 Bc4 23. Qg3 Bh4 24. Qa3 Qxd4 25. Be3 Qf6 26. Qxa7 f4 27. Bd4 Qg5
28. Kh1 f3 29. Rg1 fxg2+ 30. Rxg2 Bd5 31. Rbg1 Rf7 0-1

[Event "51smm A Arci-Kaltern/Tramin"]
[Site "?"]
[Date "2020.01.11"]
[Round "5.5"]
[White "Comai, Samuele"]
[Black "Borgese, Alessio"]
[Result "1-0"]
[WhiteElo "1897"]
[BlackElo "1537"]
[PlyCount "67"]
[EventDate "2020.01.11"]

1. d4 Nf6 2. Nf3 d5 3. c4 e6 4. g3 dxc4 5. Bg2 Nc6 6. O-O Bd7 7. a4 a6 8. Nc3
Bb4 9. Qc2 Bxc3 10. bxc3 Rb8 11. a5 O-O 12. Nd2 e5 13. Nxc4 exd4 14. Rd1 Re8
15. cxd4 Qe7 16. e3 Rec8 17. Ba3 Qe8 18. e4 b5 19. Ne3 Nxa5 20. e5 Ng4 21. Nd5
Kh8 22. Bc1 Nc4 23. h3 Ngxe5 24. dxe5 Qxe5 25. Bf4 Qb2 26. Qxb2 Nxb2 27. Rdb1
Na4 28. Bxc7 Rb7 29. Bf4 Be6 30. Rxa4 Rd7 31. Nb6 bxa4 32. Nxc8 a3 33. Nd6 f6
34. Rb8+ 1-0

[Event "51smm A Arci-Kaltern/Tramin"]
[Site "?"]
[Date "2020.01.11"]
[Round "5.6"]
[White "Rizzardi, Roberto"]
[Black "Dallaglio, Giovanni"]
[Result "1/2-1/2"]
[WhiteElo "1493"]
[BlackElo "1917"]
[PlyCount "31"]
[EventDate "2020.01.11"]

1. e4 e6 2. d4 d5 3. exd5 Qxd5 4. Nf3 Nf6 5. Be2 Be7 6. O-O O-O 7. c4 Qd8 8.
Nc3 b6 9. Bg5 Bb7 10. Ne5 Nfd7 11. Bxe7 Qxe7 12. Bf3 Bxf3 13. Qxf3 Na6 14. Nc6
Qf6 15. Qxf6 Nxf6 16. Nb5 1/2-1/2

[Event "51smm A Brixen/Milland-Naturns"]
[Site "?"]
[Date "2020.01.11"]
[Round "5.1"]
[White "La Manna, Andrea"]
[Black "Sader, Michael"]
[Result "1-0"]
[WhiteElo "2156"]
[BlackElo "2128"]
[PlyCount "47"]
[EventDate "2020.01.11"]

1. d4 Nf6 2. c4 c5 3. d5 d6 4. Nc3 g6 5. e4 Bg7 6. Bd3 O-O 7. Nge2 a6 8. a4
Nbd7 9. f4 Ne8 10. O-O Nc7 11. Ng3 Rb8 12. Kh1 e6 13. Qf3 exd5 14. cxd5 b5 15.
axb5 Nxb5 16. Nxb5 axb5 17. e5 dxe5 18. f5 Qh4 19. Ne4 f6 20. Nd6 c4 21. fxg6
cxd3 22. Nf5 Qb4 23. Qh5 hxg6 24. Qxg6 1-0

[Event "51smm A Brixen/Milland-Naturns"]
[Site "?"]
[Date "2020.01.11"]
[Round "5.2"]
[White "Brenninger, Daniel"]
[Black "Unterthurner, Hans"]
[Result "1-0"]
[WhiteElo "2061"]
[BlackElo "1923"]
[PlyCount "81"]
[EventDate "2020.01.11"]

1. d4 Nf6 2. c4 g6 3. Nc3 d5 4. cxd5 Nxd5 5. e4 Nxc3 6. bxc3 Bg7 7. Bc4 c5 8.
Ne2 O-O 9. O-O cxd4 10. cxd4 Nc6 11. Be3 b6 12. Rc1 Bb7 13. Bd5 Rc8 14. Qa4 Qd7
15. Rfd1 Rfd8 16. f3 e6 17. Bxc6 Bxc6 18. Qb4 Bf8 19. Qb2 Bb7 20. Bg5 Be7 21.
Bxe7 Qxe7 22. a4 Ba6 23. Qd2 Rxc1 24. Nxc1 Bc4 25. Qc3 Ba6 26. a5 Rc8 27. Qd2
Bc4 28. axb6 axb6 29. Nd3 Qd6 30. Ne5 b5 31. Qf4 Qc7 32. Qf6 Bb3 33. Rb1 Ba4
34. Ng4 h5 35. Nh6+ Kh7 36. Nxf7 b4 37. Ng5+ Kh6 38. Nxe6 Qa7 39. Rxb4 Be8 40.
Qh8+ Qh7 41. Qf8+ 1-0

[Event "51smm A Brixen/Milland-Naturns"]
[Site "?"]
[Date "2020.01.11"]
[Round "5.3"]
[White "Naegele, Norbert"]
[Black "Kofler, Thomas"]
[Result "0-1"]
[WhiteElo "1817"]
[BlackElo "1972"]
[PlyCount "110"]
[EventDate "2020.01.11"]

1. e4 e5 2. Nf3 Nf6 3. Nxe5 d6 4. Nf3 Nxe4 5. d4 d5 6. Bd3 Bg4 7. O-O Be7 8. c4
c6 9. Nc3 Nxc3 10. bxc3 O-O 11. Bf4 Nd7 12. cxd5 cxd5 13. Be2 Qa5 14. Ne5 Nxe5
15. Bxe5 Bf5 16. Bd3 Bxd3 17. Qxd3 Rac8 18. Rfc1 Rc6 19. Bf4 Ba3 20. Rc2 Rfc8
21. Bd2 Rc4 22. Rb1 b5 23. Qf5 Rd8 24. Bg5 Rdc8 25. Bd2 Qa4 26. Rb3 b4 27. Qxd5
bxc3 28. Be3 h6 29. g3 Bb4 30. Qf5 a5 31. h4 Qc6 32. Rb1 Qa4 33. Rb3 Qc6 34.
Rb1 Qd6 35. a3 Bxa3 36. Qxa5 Bb2 37. Qf5 R4c6 38. Rd1 Re8 39. Qd3 Qd5 40. Bc1
Rce6 41. Be3 f5 42. Rf1 Re4 43. Qd1 g6 44. Qd3 Kg7 45. Kh2 g5 46. hxg5 hxg5 47.
Bxg5 Rh8+ 48. Bh4 Rexh4+ 49. gxh4 Rxh4+ 50. Qh3 Rxh3+ 51. Kxh3 Qf3+ 52. Kh2
Qh5+ 53. Kg1 Qg4+ 54. Kh2 Qh4+ 55. Kg1 Qe4 0-1

[Event "51smm A Brixen/Milland-Naturns"]
[Site "?"]
[Date "2020.01.11"]
[Round "5.4"]
[White "Wisthaler, Lukas"]
[Black "Gurschler, Gregor"]
[Result "1/2-1/2"]
[WhiteElo "1861"]
[BlackElo "1768"]
[PlyCount "67"]
[EventDate "2020.01.11"]

1. e4 d6 2. c4 e5 3. Nf3 Nf6 4. Nc3 Nc6 5. Be2 Be7 6. d4 exd4 7. Nxd4 Nxd4 8.
Qxd4 O-O 9. O-O Qe8 10. h3 Bd8 11. Be3 Bd7 12. f4 Bc6 13. Bf3 a6 14. Rae1 Nd7
15. Bf2 Bf6 16. Qd2 Qd8 17. Nd5 Re8 18. Nxf6+ Qxf6 19. Bd4 Qe7 20. b3 f6 21. b4
Qf7 22. Qc2 Re7 23. Rb1 Rae8 24. Rfe1 b6 25. Re3 Bb7 26. c5 dxc5 27. bxc5 bxc5
28. Bxc5 Nxc5 29. Qxc5 Bxe4 30. Bxe4 Rxe4 31. Rxe4 Rxe4 32. Rb8+ Re8 33. Rxe8+
Qxe8 34. Qxc7 1/2-1/2

[Event "51smm A Brixen/Milland-Naturns"]
[Site "?"]
[Date "2020.01.11"]
[Round "5.5"]
[White "Gurschler, Thomas"]
[Black "Hellweg, Stephan"]
[Result "1-0"]
[WhiteElo "1869"]
[BlackElo "1770"]
[PlyCount "113"]
[EventDate "2020.01.11"]

1. d4 e6 2. Bf4 d5 3. e3 Bd6 4. Bg3 Nf6 5. Nf3 O-O 6. Bd3 Nc6 7. Nbd2 Nb4 8.
Be2 c5 9. c3 Nc6 10. Bd3 Re8 11. Ne5 Qc7 12. f4 cxd4 13. exd4 g6 14. O-O Nh5
15. Qg4 f5 16. Qh3 Bxe5 17. fxe5 Nxg3 18. Qxg3 Qe7 19. h4 Kh8 20. Nf3 Nd8 21.
Ng5 Nf7 22. Nxf7+ Qxf7 23. Qf4 Bd7 24. Kh2 Qe7 25. Qg5 Qxg5 26. hxg5 h6 27.
gxh6 Kh7 28. Kg3 Kxh6 29. Rh1+ Kg7 30. Kf4 Rh8 31. Kg5 b5 32. a3 a6 33. Be2
Rag8 34. g3 a5 35. Bf3 Bc6 36. Rh4 Rxh4 37. gxh4 Kf7 38. b3 Bd7 39. Rc1 Rc8 40.
Be2 Kg7 41. Rc2 Be8 42. Bd3 Rc7 43. Bf1 Bc6 44. Bd3 Rd7 45. Be2 Rd8 46. c4 bxc4
47. bxc4 Ba4 48. Rc3 Rc8 49. c5 Rc7 50. Rc1 Be8 51. Rb1 Bc6 52. Rb6 Bd7 53. Bb5
Bc8 54. Ba6 Bd7 55. Rb7 Rxb7 56. Bxb7 Kf7 57. c6 1-0

[Event "51smm A Brixen/Milland-Naturns"]
[Site "?"]
[Date "2020.01.11"]
[Round "5.6"]
[White "Kofler, Oswald"]
[Black "Naegele, Raimund"]
[Result "1/2-1/2"]
[WhiteElo "1807"]
[BlackElo "1612"]
[PlyCount "141"]
[EventDate "2020.01.11"]

1. e4 c6 2. d4 d5 3. exd5 cxd5 4. Nf3 Nf6 5. Bd3 Bg4 6. O-O Nc6 7. c3 e6 8. Re1
Be7 9. Nbd2 O-O 10. Nf1 Rc8 11. Ng3 a6 12. h3 Bxf3 13. Qxf3 Na5 14. Nh5 Nc4 15.
Re2 Nd6 16. Bf4 Nde4 17. Rae1 b5 18. Nxf6+ Nxf6 19. Bc1 Qb6 20. Qg3 Rfe8 21.
Bh6 Bf8 22. Bg5 Be7 23. Re3 Nh5 24. Qh4 Bxg5 25. Qxg5 g6 26. g4 Ng7 27. Rf3 b4
28. Bb1 bxc3 29. bxc3 Qb2 30. Qf4 Rf8 31. Qg3 Qd2 32. Rfe3 Rc6 33. h4 Rfc8 34.
R1e2 Qc1+ 35. Re1 Qd2 36. h5 Rxc3 37. hxg6 hxg6 38. Qe5 Rxe3 39. Qxe3 Qxe3 40.
fxe3 Rc3 41. Kf2 Ne8 42. Ke2 Nd6 43. Bd3 Ra3 44. Ra1 Kg7 45. Bc2 Kf6 46. Bb3
Kg5 47. Rg1 Ne4 48. Kd3 Nd6 49. Kc3 Nc4 50. Rg3 a5 51. Kc2 a4 52. Bxc4 dxc4 53.
Kb2 Rd3 54. Kc2 Kh4 55. Rf3 f5 56. gxf5 gxf5 57. d5 Kg4 58. Rf4+ Kg5 59. dxe6
Rxe3 60. Rxc4 Rxe6 61. Rxa4 f4 62. Kd2 Kg4 63. Ra8 Kf3 64. a4 Kf2 65. a5 f3 66.
Kc3 Ke2 67. Rf8 f2 68. Kc4 f1=Q 69. Rxf1 Kxf1 70. Kb5 Re8 71. a6 1/2-1/2

[Event "51smm A Ehrenburg-Naturns2"]
[Site "?"]
[Date "2020.01.11"]
[Round "5.1"]
[White "Gurschler, Markus"]
[Black "Hengl, Christian"]
[Result "1/2-1/2"]
[WhiteElo "1591"]
[BlackElo "2156"]
[PlyCount "129"]
[EventDate "2020.01.11"]

1. d4 Nf6 2. Bf4 d6 3. e3 g6 4. Nf3 Bg7 5. Bc4 O-O 6. O-O Nh5 7. Bg5 h6 8. Bh4
Nc6 9. c3 g5 10. Bg3 Nxg3 11. fxg3 Bg4 12. h3 Bh5 13. g4 Bg6 14. Bd3 Bxd3 15.
Qxd3 e5 16. Nbd2 Qe7 17. d5 Nb8 18. Rf2 Nd7 19. Ne4 Rae8 20. Nfd2 f6 21. Ng3
Nc5 22. Qc2 e4 23. b4 Qe5 24. Ndf1 Nd3 25. Rf5 Qe7 26. Nd2 Ne5 27. Ngxe4 Nc4
28. Re1 Nxd2 29. Nxd2 Qf7 30. e4 c6 31. Ref1 Qc7 32. Qb3 Kh8 33. Qc4 Re7 34.
Qd4 Rfe8 35. c4 cxd5 36. Qxd5 Re5 37. Qd4 b6 38. R1f2 Kh7 39. b5 Qe7 40. Qd3
Kh8 41. Rxe5 dxe5 42. Nf1 Rd8 43. Qc2 Qc5 44. Kh2 Rd4 45. Nd2 Qb4 46. Kg1 Kh7
47. Kf1 Kg6 48. Ke2 Bf8 49. Rf3 Qd6 50. Rd3 Be7 51. Rxd4 Qxd4 52. Nf3 Qa1 53.
Qb3 Bc5 54. Qc2 Qh1 55. Kd3 Qf1+ 56. Qe2 Qc1 57. Qd2 Qb1+ 58. Qc2 Qa1 59. Qd2
Bd4 60. Qc2 Bc5 61. Qd2 Qf1+ 62. Qe2 Qa1 63. Qd2 Qb1+ 64. Qc2 Qf1+ 65. Qe2
1/2-1/2